| 000 | 00566nam a2200193 a 4500 | ||
|---|---|---|---|
| 001 | 000034009 | ||
| 005 | 20200930070710.0 | ||
| 008 | 110921s1998 dr 000 0 spa d | ||
| 040 |
_aDO-SdBNP _bspa _cBNPHU |
||
| 082 |
_axxxx _bG216r |
||
| 100 | 1 |
_aGarcía, Tommy _959454 |
|
| 245 | 1 | 3 |
_aEl recurso del tres : _bmétodo para treseros. |
| 260 |
_aSanto Domingo : _bAlfa y Omega, _c1998. |
||
| 300 |
_a93 p. : _bil., retr. ; _c24 cm. |
||
| 490 | 1 | _aCuaderno de folklore | |
| 504 | _aBibliografía : p.89-93 | ||
| 830 | 0 |
_aCuaderno de folklore _959455 |
|
| 049 | _aBNPD | ||
| 999 |
_c33500 _d33500 |
||